| 000 | 00924nam a22002897a 4500 | ||
|---|---|---|---|
| 003 | CHAP | ||
| 005 | 20220329134335.0 | ||
| 008 | 971013s1950 r 00010 d | ||
| 010 | _a19020 | ||
| 011 | _a19992 | ||
| 035 | _a24079 | ||
| 040 | _cCHAP | ||
| 082 |
_a544.83 _bA58 |
||
| 100 | 0 | 0 |
_aAlvarez Querol, M. C. _94964 |
| 245 | _aFundamentos de química analítica en micro y ultramicro escalas | ||
| 260 |
_aMadrid : _bAguilar, _c1950 |
||
| 300 |
_a218 p. _b: ilus |
||
| 590 |
_aBATCH-UPD _b10 _c20130110 _lUCH01 _h1942 |
||
| 590 |
_aBATCH-UPD _b10 _c20130410 _lUCH01 _h1305 |
||
| 590 |
_aBATCH-UPD _b10 _c20130914 _lUCH01 _h1950 |
||
| 590 |
_aCONVERSION _b10 _c20130109 _lUCH01 _h1312 |
||
| 650 | 1 | 4 |
_aQuímica analítica cuantitativa. _993587 |
| 901 | _aBK | ||
| 942 | _cLIBRO | ||
| 949 |
_a544.83 A58 _bBC _cLIBRO _d33724000389656 _eLIBRO _i24079 _si |
||
| 949 |
_a544.83 A58 _bBC _cLIBRO _d33724000389672 _eLIBRO _fc.2 _i24079 _si |
||
| 999 |
_c19020 _d19020 |
||